| 000 | | | 03687nmc2a22002413x 450 |
| 001 | | | 54bdf655-3180-4aae-b17d-7cec25369eab |
| 005 | | | 20251024032150.0 |
| 100 | ## | $a | 20250506l18501853k l0rusy0189 ca |
| 101 | 0# | $a | rus |
| 102 | ## | $a | RU |
| 105 | ## | $a | y### |
| 122 | 2# | $a | d |
| 200 | 1# | $a | Дело о доставлении обер-прокурору Святейшего Синода некоторых астрономических и хронологических сведений, необходимых для издаваемого календаря на 1851 год, на латышском и эстском языках |
| | $j | 16 августа 1850 г. - 14 сентября 1853 г. |
| 215 | ## | $a | 57 л. |
| | $d | 36,5х26 см |
| 251 | ## | $c | Дело |
| 300 | ## | $a | На обложке указано: "№55" |
| 371 | ## | $a | Документ не является опубликованным и широко распространяемым |
| 461 | #0 | $1 | 0012b5b8419-5ce4-4d16-a7a3-85720a295f1f |
| | $1 | 2001 |
| | $a | Канцелярия министра народного просвещения |
| | $1 | 251 |
| | $c | Фонд |
| | $1 | 852 |
| | $j | 735 |
| 462 | #0 | $1 | 001562cc287-b13c-4f02-8029-f81535ba1e2e |
| | $1 | 2001 |
| | $a | Канцелярия министра народного просвещения |
| | $1 | 251 |
| | $c | Опись |
| | $1 | 852 |
| | $j | 2 |
| 801 | #0 | $a | RU |
| | $b | РГИА |
| | $c | 20250506 |
| | $g | RCR |
| 801 | #1 | $a | RU |
| | $b | ГлавНИВЦ |
| | $c | 20250506 |
| | $2 | rusmarc |
| 801 | #2 | $a | RU |
| | $b | ПБ им. Б.Н. Ельцина |
| | $c | 20251024 |
| | $g | RCR |
| | $2 | rusmarc |
| 850 | ## | $a | РГИА |
| 852 | ## | $a | РГИА |
| | $e | Федеральное казенное учреждение "Российский государственный исторический архив" (РГИА) |
| | $j | 788 |
| 937 | ## | $h | РГИА |
| | $d | 12421707 |
| | $a | ASBIBLIO_SCAN |
| 035 | ## | $a | RusGRCC00085777 |
| 856 | ## | $u | http://readingroom.main.prlib.ru/item.aspx?id_node=n198651974&mode=full |